000 00740nam a2200241Ia 4500
003 OSt
005 20220926005910.0
006 a|||||r|||| 00| 0
007 ta
008 220923b |||||||| |||| 00| 0 eng d
037 _cGeneral Book
040 _aRTL
_cRTL
_beng
041 _2eng
_aeng
082 _aX:545.20k5.N7, L7/GD
110 _aIndian Institute of Foreign Trade
_9236018
245 0 _aImplications of non-tariff barriers to India's exports in EEC countries and Japan
260 _a New Delhi
_bThe Author
_c1977
300 _a183p
_ccm.
650 _aExport
700 _aIndian Institute of Foreign Trade
_9236019
942 _hX:545.20k5.N7, L7/GD
_cGB
_2CC
999 _c615674
_d615674